Italian irregular verbs 1 - Statistics

General Stats
  • This quiz has been taken 39 times
  • The average score is 29 of 47
Answer Stats
Hint Answer % Correct
chiudere chiusi
100%
nascondere nascosi
95%
nascere nascosi
95%
chiedere chiesi
90%
leggere lessi
90%
rispondere risposi
90%
scrivere scrissi
90%
conoscere conobbi
86%
ridere risi
86%
cadere caddi
81%
mettere misi
81%
vincere vinsi
81%
cogliere colsi
76%
correre corsi
76%
giungere giunsi
76%
volgere volsi
76%
affigere affissi
71%
condiurre condussi
71%
crescere crebbi
71%
decidere decisi
71%
tendere tesi
71%
trarre trassi
71%
bere bevvi
67%
spendere spesi
67%
discultere discussi
62%
dire dissi
62%
fare feci
62%
piacere piacqui
62%
tenere tenni
62%
tenere tenni
62%
tradure tradussi
62%
apparire apparsi
52%
cuccere cossi
52%
prendere presi
52%
viver vissi
52%
scogere scorsi
48%
sapere seppi
48%
vedere vidi
48%
dare diedi
43%
stare stetti
38%
volere volei
33%
parere parvi
29%
porre posi
29%
venire nacqui
10%
vogliere tolsi
5%
dolersi mi dosli
0%
volere varsi
0%
No matching quizzes found
Score Distribution
Percent of People with Each Score
Percentile by Number Answered
Your Score History
You have not taken this quiz